Inverse Problems and Optimal Design in Electricity and Magnetism / (Record no. 16175)
[ view plain ]
| 000 -LEADER | |
|---|---|
| fixed length control field | 01573cam a2200349 a 4500 |
| 001 - CONTROL NUMBER | |
| control field | 2088981 |
| 005 - DATE AND TIME OF LATEST TRANSACTION | |
| control field | 20090311190205.0 |
| 008 - FIXED-LENGTH DATA ELEMENTS--GENERAL INFORMATION | |
| fixed length control field | 950822s1996 enka b 001 0 eng |
| 010 ## - LIBRARY OF CONGRESS CONTROL NUMBER | |
| LC control number | 95039619 |
| 020 ## - INTERNATIONAL STANDARD BOOK NUMBER | |
| International Standard Book Number | 019859383X (hbk) |
| 020 ## - INTERNATIONAL STANDARD BOOK NUMBER | |
| International Standard Book Number | 9780198593836 (hbk) |
| 040 ## - CATALOGING SOURCE | |
| Original cataloging agency | DLC |
| Transcribing agency | DLC |
| Modifying agency | DLC |
| 050 00 - LIBRARY OF CONGRESS CALL NUMBER | |
| Classification number | TK11 |
| Item number | .N45 1996 |
| 082 00 - DEWEY DECIMAL CLASSIFICATION NUMBER | |
| Classification number | 621.30151 |
| Edition number | 22 |
| Item number | NEI |
| 100 1# - MAIN ENTRY--PERSONAL NAME | |
| Personal name | Neittaanmaki, P. |
| Fuller form of name | (Pekka) |
| 9 (RLIN) | 27654 |
| 245 10 - TITLE STATEMENT | |
| Title | Inverse Problems and Optimal Design in Electricity and Magnetism / |
| Statement of responsibility, etc | P. Neittaanmaki, M. Rudnicki, and A. Savini. |
| 260 ## - PUBLICATION, DISTRIBUTION, ETC. (IMPRINT) | |
| Place of publication, distribution, etc | Oxford [England] ; |
| Name of publisher, distributor, etc | Clarendon Press , 1996 |
| Date of publication, distribution, etc | 1996. |
| 300 ## - PHYSICAL DESCRIPTION | |
| Extent | xiii, 367 p. : |
| Other physical details | ill. ; |
| Dimensions | 25 cm. |
| 490 ## - Series Statement | |
| -- | 27653 |
| Series statement | Monographs in Electrical and Electronic Engineering ; |
| Volume/sequential designation | 35 |
| 504 ## - BIBLIOGRAPHY, ETC. NOTE | |
| Bibliography, etc | Includes bibliographical references and indexes. |
| 650 #0 - SUBJECT ADDED ENTRY--TOPICAL TERM | |
| Topical term or geographic name as entry element | Electrical engineering |
| General subdivision | Mathematics. |
| 9 (RLIN) | 27655 |
| 650 #0 - SUBJECT ADDED ENTRY--TOPICAL TERM | |
| Topical term or geographic name as entry element | Mathematical optimization. |
| 9 (RLIN) | 27656 |
| 650 #0 - SUBJECT ADDED ENTRY--TOPICAL TERM | |
| Topical term or geographic name as entry element | Electromagnetism |
| General subdivision | Mathematical models. |
| 9 (RLIN) | 27657 |
| 653 ## - INDEX TERM--UNCONTROLLED | |
| Resource For college | |
| Arrived date list | October2011 |
| 700 1# - ADDED ENTRY--PERSONAL NAME | |
| Personal name | Rudnicki, M. |
| 9 (RLIN) | 27658 |
| 700 1# - ADDED ENTRY--PERSONAL NAME | |
| Personal name | Savini, A. |
| 9 (RLIN) | 27659 |
| 856 42 - ELECTRONIC LOCATION AND ACCESS | |
| Materials specified | Publisher description |
| Uniform Resource Identifier | <a href="http://www.loc.gov/catdir/enhancements/fy0606/95039619-d.html">http://www.loc.gov/catdir/enhancements/fy0606/95039619-d.html</a> |
| 856 41 - ELECTRONIC LOCATION AND ACCESS | |
| Materials specified | Table of contents only |
| Uniform Resource Identifier | <a href="http://www.loc.gov/catdir/enhancements/fy0606/95039619-t.html">http://www.loc.gov/catdir/enhancements/fy0606/95039619-t.html</a> |
| 942 ## - ADDED ENTRY ELEMENTS (KOHA) | |
| Source of classification or shelving scheme | Dewey Decimal Classification |
| Item type | Book - Borrowing |
| Withdrawn status | Item status | Source of classification or shelving scheme | Damaged status | Not for loan | Vendor | Home library | Current library | Shelving location | Date acquired | Source of acquisition | Cost, normal purchase price | Total Checkouts | Total Renewals | Full call number | Barcode | Date last seen | Date last borrowed | Koha item type |
|---|---|---|---|---|---|---|---|---|---|---|---|---|---|---|---|---|---|---|
| Dewey Decimal Classification | سور الازبكية | Central Library | Central Library | First floor | 27/10/2011 | 160.00 | 1 | 15 | 621.30151 NEI | 000025479 | 15/07/2025 | 14/02/2013 | Book - Borrowing |